Team of the Tournament - Fußball-Europameisterschaft 2008 - Statistiken

Allgemein
  • Dieses Quiz wurde 47 mal gespielt
  • Das Durchschnittsergebnis liegt bei 13 aus 23
Antwortstatistiken
Position Nationalität Spieler % Korrekt
Torwart Italien Gianluigi Buffon
100%
Torwart Spanien Iker Casillas
97%
Mittelfeldspieler Spanien Andrés Iniesta
92%
Abwehrspieler Spanien Carles Puyol
92%
Mittelfeldspieler Spanien Xavi
92%
Stürmer Spanien David Villa
86%
Stürmer Spanien Fernando Torres
86%
Mittelfeldspieler Kroatien Luka Modrić
84%
Abwehrspieler Deutschland Philipp Lahm
84%
Mittelfeldspieler Deutschland Michael Ballack
78%
Abwehrspieler Portugal Pepe
78%
Torwart Niederlande Edwin van der Sar
73%
Mittelfeldspieler Niederlande Wesley Sneijder
51%
Mittelfeldspieler Spanien Cesc Fàbregas
49%
Mittelfeldspieler Deutschland Lukas Podolski
46%
Stürmer Russland Andrey Arshavin
41%
Mittelfeldspieler Türkei Hamit Altıntop
27%
Mittelfeldspieler Spanien Marcos Senna
16%
Abwehrspieler Russland Yuri Zhirkov
14%
Stürmer Russland Roman Pavlyuchenko
11%
Abwehrspieler Spanien Carlos Marchena
5%
Abwehrspieler Portugal José Bosingwa
3%
Mittelfeldspieler Russland Konstantin Zyryanov
0%
Keine übereinstimmenden Quizze gefunden
Verteilung der Resultate
Anzahl Personen mit jedem Resultat
Perzentil nach korrekt beantworteten Fragen
Ihre Resultats-Entwicklung
Sie haben dieses Quiz noch nicht gespielt